Временные параметры газоразрядного преобразователя рентгеновского изображения; Актуальные проблемы современной науки

Dades bibliogràfiques
Parent link:Актуальные проблемы современной науки.— 2003.— С. 12-16
Autor principal: Кулешов В. К. Валерий Константинович
Altres autors: Алхимов Ю. В. Юрий Васильевич, Цицура В. Н.
Sumari:В фонде НТБ ТПУ отсутствует
Idioma:rus
Publicat: 2003
Matèries:
Format: MixedMaterials Capítol de llibre
KOHA link:https://koha.lib.tpu.ru/cgi-bin/koha/opac-detail.pl?biblionumber=597371

MARC

LEADER 00000naa0a2200000 4500
001 597371
005 20250205133102.0
035 |a (RuTPU)RU\TPU\tpu\20617 
090 |a 597371 
100 |a 20120131d2003 k y0rusy50 ca 
101 0 |a rus 
102 |a RU 
200 1 |a Временные параметры газоразрядного преобразователя рентгеновского изображения  |f В. К. Кулешов, Ю. В. Алхимов, В. Н. Цицура 
333 |a В фонде НТБ ТПУ отсутствует 
463 |t Актуальные проблемы современной науки  |o 4-я международная конференция, Самара, сентябрь 2003 г.  |v С. 12-16  |d 2003 
610 1 |a труды учёных ТПУ 
700 1 |a Кулешов  |b В. К.  |c специалист в области неразрушающего контроля  |c профессор Томского политехнического университета, доктор технических наук  |f 1939-  |g Валерий Константинович  |3 (RuTPU)RU\TPU\pers\19828 
701 1 |a Алхимов  |b Ю. В.  |c специалист в области неразрушающего контроля  |c доцент Томского политехнического университета, кандидат технических наук  |f 1958-  |g Юрий Васильевич  |3 (RuTPU)RU\TPU\pers\26434  |4 070 
701 1 |a Цицура  |b В. Н. 
801 1 |a RU  |b 63413507  |c 20120131 
942 |c BK